书目信息 |
| 题名: |
Novell NetWare网络应用软件开发指南
|
|
| 作者: | 夏洪山 编著 | |
| 分册: | ||
| 出版信息: | 北京 科学出版社 1997.01 |
|
| 页数: | 295页 | |
| 开本: | 16开 | |
| 丛书名: | ||
| 单 册: | ||
| 中图分类: | TP316.83 | |
| 科图分类: | ||
| 主题词: | 软件 | |
| 电子资源: | ||
| ISBN: | 7-03-005586-1 | |
| 000 | 00611nam0 2200205 45 | |
| 001 | 0003130869 | |
| 005 | 20000313085649.7 | |
| 010 | @a7-03-005586-1@d23.00元 | |
| 100 | @a20000313d1997 km y0chiy0120 ea | |
| 101 | @achi | |
| 105 | @a z 000yy | |
| 200 | 1 | @aNovell NetWare网络应用软件开发指南@ANovell NetWareWang Luo Ying Yong Ruan Jian Kai Fa Zhi Nan@f夏洪山编著@FXia Hong Shan Bian Zhu |
| 205 | @a1 | |
| 210 | @a北京@c科学出版社@d1997.01 | |
| 215 | @a295页@d16开 | |
| 606 | 0 | @a软件 |
| 690 | @aTP316.83@v3 | |
| 701 | @a夏洪山@4编著 | |
| 801 | @aCN@bPftUser@c20000313 | |
| 905 | @f1@b50395@dTP316.83@eX784 | |
| Novell NetWare网络应用软件开发指南/夏洪山编著.-1.-北京:科学出版社,1997.01 |
| 295页;16开 |
| ISBN 7-03-005586-1:23.00元 |
| ● |
| 相关链接 |
|
|
|
正题名:Novell NetWare网络应用软件开发指南
索取号:TP316.83/X784
 
预约/预借
| 序号 | 登录号 | 条形码 | 馆藏地/架位号 | 状态 | 备注 |
| 1 | 50395 | 200503954 | 自科二线404/404自科库 23排5列4层/ [索取号:TP316.83/X784] | 在馆 |